| 000 | 00882nam a2200241Ia 4500 | ||
|---|---|---|---|
| 999 |
_c45270 _d45270 |
||
| 001 | 12094 | ||
| 003 | GE_BSU | ||
| 005 | 20221118162158.0 | ||
| 008 | 181216s2014en xx |||||||||||||| ||eng|| | ||
| 020 | _a9781118336687x | ||
| 040 | _cGE_BSU | ||
| 041 | _aeng | ||
| 080 | _a338.22:17 B-97 | ||
| 245 |
_aBusiness Ethics:Reading and Cases in Corporate Morality / _cEdited by : W. Michael Hoffman, Robert E.Frederick, Marc S. Schwartz |
||
| 264 |
_aNew York : _bWiley Black Well, _c2014. |
||
| 300 |
_a758 p.: _bill; _c24 cm. |
||
| 653 | _aBusiness Ethics:Reading and Cases in Corporate Morality. | ||
| 653 | _aბიზნეს ეთიკა | ||
| 700 |
_aHoffman, W. Michael _eრედაქტორი _915938 |
||
| 700 |
_aFrederick, Robert E. _eრედაქტორი _915939 |
||
| 700 |
_aSchwartz, Marc S. _eრედაქტორი _915940 |
||
| 942 |
_cBK _2udc |
||